| 000 | 00867nam a2200217Ia 4500 | ||
|---|---|---|---|
| 001 | 18015 | ||
| 003 | GE_BSU | ||
| 008 | 181216s||||||||xx |||||||||||||| ||und|| | ||
| 040 | _cGE_BSU | ||
| 080 | _a811.361 | ||
| 245 | _aბასკური ენა და ბასკურ-კავკასიური ჰიპოთეზა | ||
| 245 | _cარნ. ჩიქობავას წინასიტყვ. და რედაქციით. | ||
| 260 | _aთბილისი | ||
| 260 | _bთბილ. უნ-ტის გამ-ბა | ||
| 260 | _c1976 | ||
| 300 | _a114გვ. ; 21სმ. | ||
| 300 | _eსაძიებლები: გვ. 111-114. | ||
| 653 | _aბასკური ენა და ბასკურ-კავკასიური ჰიპოთეზა | ||
| 653 | _aბასკური ენა; | ||
| 942 | _cBK | ||
| 999 |
_c51058 _d51058 |
||